|
|
|
|
| LEADER |
00000nam0a2200000 4500 |
| 001 |
130661 |
| 005 |
20231101220245.0 |
| 010 |
|
|
|a 5020246263
|
| 035 |
|
|
|a (RuTPU)RU\TPU\book\141516
|
| 090 |
|
|
|a 130661
|
| 100 |
|
|
|a 20080206d1990 km y0rusy50 ca
|
| 101 |
0 |
|
|a rus
|
| 102 |
|
|
|a RU
|
| 105 |
|
|
|a a z 001zb
|
| 200 |
1 |
|
|a Николай Алексеевич Рынин. 1877-1942
|f Б. Ф. Тарасов
|g Академия наук СССР (АН СССР) ; отв. ред. М. И. Воронин
|
| 210 |
|
|
|a Ленинград
|c Наука
|d 1990
|
| 215 |
|
|
|a 168 с.
|c ил.
|
| 225 |
1 |
|
|a Научно-биографическая серия
|
| 320 |
|
|
|a Библиогр.: с.
|
| 320 |
|
|
|a Основные даты жизни и деятельности: с. 154-156.
|
| 320 |
|
|
|a Библиография трудов: с. 156-166.
|
| 320 |
|
|
|a Список сокращений: с. 167.
|
| 600 |
|
1 |
|a Рынин
|b Н. А.
|c доктор технических наук
|c профессор, ученый, педагог
|f 1877-1942
|g Николай Алексеевич
|2 stltpush
|3 (RuTPU)RU\TPU\pers\23486
|9 10241
|
| 610 |
1 |
|
|a жизнедеятельность
|
| 610 |
1 |
|
|a педагогика
|
| 610 |
1 |
|
|a наука
|
| 610 |
1 |
|
|a техника
|
| 610 |
1 |
|
|a персоналии
|
| 675 |
|
|
|a 629.7(092)
|v 3
|
| 675 |
|
|
|a 656.7(092)
|v 3
|
| 700 |
|
1 |
|a Тарасов
|b Б. Ф.
|g Борис Федорович
|
| 702 |
|
1 |
|a Воронин
|b М. И.
|4 340
|
| 712 |
0 |
2 |
|a Академия наук СССР (АН СССР)
|2 stltpush
|3 (RuTPU)RU\TPU\col\722
|
| 801 |
|
1 |
|a RU
|b 63413507
|c 20080206
|g PSBO
|
| 801 |
|
2 |
|a RU
|b 63413507
|c 20090217
|g PSBO
|
| 942 |
|
|
|c BK
|